1536 1700 1759 1817 1054 1846 1048 1654 1998 1312 1583 1437 1736 1197 1091 1729 1160 1953 1961 1906 1487 1253 1615 1862 1069 1441 1427 1166 1696 1981 1470 1415 1138 1549 1136 1113 1206 1158 1274 1433 1194 1997 1753 1784 1526 1234 1473 1626 1017 1711 1630 1777 1190 1657 1957 1809 1964 1772 1968 1163 1319 1489 1047 1404 1289 1218 1939 1756 1931 1594 1501 1037 1208 1180 1364 1669 1742 1475 1272 1855 1994 1482 1067 1061 1649 1885 1058 1615 1731 1442 1139 1777 1269 1671 1131 1104 1598 1057 1823 BCNSPRNW ULIB Ver.6.0+V

เปลี่ยนเป็นภาษาไทย

Change to English
 แสดงรายละเอียดบรรณานุกรม
  กลับหน้าหลัก

Brief Record : Get Marc (ISO 2709) : E-mail record : QR code < ปิดหน้าต่าง
LEADER : 00000nam 2200000uu 4500
001    13399111921
003     ULIB
008    110627s2550||||th 000 0 tha d
020    9789748027791
090    นว.^bส988ล 2550
100 0  โสภี พรรณราย
245 00 ลิลลี่สีกุหลาบ/^cโสภี พรรณราย
250    พิมพ์ครั้งที่ 1
260    กรุงเทพฯ :^bบิวตี้บุ๊ค,^c2550
300    332 หน้า
710 1  บิวตี้บุ๊ค
945    ^p230^l0^i022039
995    ทศพร
999 ^a ใช้งานได้ทุกระบบ
รายการนี้ยังไม่มีแท็ก
คุณยังไม่ได้ล็อกอิน คุณสามารถมีกิจกรรมร่วมกับเว็บไซต์ได้ แต่ต้องล็อกอินก่อน ::
  ล็อกอิน

รายการสื่อสารสนเทศ

ลำดับที่ ประเภท เลขเรียก/บาร์โค้ด สถานที่ สถานะ
- ไม่พบข้อมูล -

รายการใกล้เคียง
    ผู้แต่ง [โสภี พรรณราย]

BibComment


ยังไม่เคยถูกคอมเมนท์

คอมเมนท์ทรัพยากรรายการนี้
  คอมเมนท์: ลิลลี่สีกุหลาบ โส..


 Copyright 2026. Bcnsprnw @Library